Central Library OPAC University of Rajshahi

Indian constitutional documents / (Record no. 46514)

MARC details
000 -LEADER
fixed length control field 00705nam a2200229 a 4500
001 - CONTROL NUMBER
control field 46514
003 - CONTROL NUMBER IDENTIFIER
rucl marc code BD-RjUL
005 - DATE AND TIME OF LATEST TRANSACTION
control field 20211209054149.0
008 - FIXED-LENGTH DATA ELEMENTS--GENERAL INFORMATION
fixed length control field 160802s1947 ii b 001 0 eng d
035 ## - SYSTEM CONTROL NUMBER
System control number (BD-RjUL)46633
040 ## - CATALOGING SOURCE
Original cataloging agency NZOC
Language of cataloging eng
Transcribing agency NZOC
Modifying agency NZOC
-- BD-RjUL
041 ## - LANGUAGE CODE
Language code of text/sound track or separate title eng
082 ## - DEWEY DECIMAL CLASSIFICATION NUMBER
Edition number 23
Classification number 342.54
Author mark and year BAI 1947
100 ## - MAIN ENTRY--PERSONAL NAME
Personal name Banerjee, A.C.
9 (RLIN) 141910
245 10 - TITLE STATEMENT
Title Indian constitutional documents /
Statement of responsibility, etc. A.C Banerjee
250 ## - EDITION STATEMENT
Edition statement Rev. 3rd ed.
260 ## - PUBLICATION, DISTRIBUTION, ETC. (IMPRINT)
Place of publication, distribution, etc. Calcutta :
Name of publisher, distributor, etc. A. Mukherjee,
Date of publication, distribution, etc. 1947
300 ## - PHYSICAL DESCRIPTION
Pagination xxiv, 368p. ;
Size 23 cm.
505 0# - FORMATTED CONTENTS NOTE
Formatted contents note Vol.1. 1757-1858 -- v.2. 1858-1917 -- v.3. 1917-1935 --v. 4. 1935-1947.
651 #0 - SUBJECT ADDED ENTRY--GEOGRAPHIC NAME
Geographic name India
General subdivision Constitutional history
-- Sources.
9 (RLIN) 140661
942 ## - ADDED ENTRY ELEMENTS (KOHA)
Source of classification or shelving scheme Dewey Decimal Classification
Koha item type Books
Holdings
Lost status Source of classification or shelving scheme Damaged status Not for loan Collection code Permanent Location Current Location Shelving location Date acquired Source of acquisition Total Checkouts Full call number Date last seen Copy number Koha item type
  Dewey Decimal Classification     Non-fiction Central Library, University of Rajshahi Central Library, University of Rajshahi   14/09/1973 K.P.Bagchi and Co.   342.54 BAI 1947 02/08/2016 C-2 Books